Osadía / (Record no. 193030)

MARC details
000 -LEADER
campo de control de longitud fija 01424nam a2200409 i 4500
001 - NÚMERO DE CONTROL
campo de control 193030
003 - IDENTIFICADOR DE NÚMERO DE CONTROL
campo de control SpMaBN
005 - FECHA Y HORA DE LA ÚLTIMA TRANSACCIÓN
campo de control 20240707063033.0
007 - CAMPO FIJO DE DESCRIPCIÓN FÍSICA--INFORMACIÓN GENERAL
campo de control de longitud fija ta
008 - DATOS DE LONGITUD FIJA--INFORMACIÓN GENERAL
campo de control de longitud fija 230723s2020 sp | |||| 000 f spa
015 ## - NÚMERO DE BIBLIOGRAFÍA NACIONAL
Número de bibliografía nacional MON20
017 ## - NÚMERO DE COPYRIGHT O DE DEPÓSITO LEGAL
Número de copyright o de depósito legal M 17786-2020
Agencia que asigna Oficina Depósito Legal Madrid
020 ## - NÚMERO INTERNACIONAL ESTÁNDAR DEL LIBRO
Número Internacional Estándar del Libro 9788409203413
035 ## - NÚMERO DE CONTROL DEL SISTEMA
Número de control de sistema (OCoLC)1201090899
035 ## - NÚMERO DE CONTROL DEL SISTEMA
Número de control de sistema a6712029
040 ## - FUENTE DE CATALOGACIÓN
Centro catalogador/agencia de origen SpMaBN
Lengua de catalogación spa
Centro/agencia transcriptor SpMaBN
Normas de descripción rda
Centro/agencia modificador ES-MaACL
044 ## - CÓDIGO DEL PAÍS DE LA ENTIDAD EDITORA/PRODUCTORA
Código MARC del país sp
-- pl
080 ## - NÚMERO DE LA CLASIFICACIÓN DECIMAL UNIVERSAL
Número de la Clasificación Decimal Universal 821.134.2-31"19"
100 1# - ENTRADA PRINCIPAL--NOMBRE DE PERSONA
Nombre de persona Cordo, Eduardo
Término indicativo de función/relación Autor
9 (RLIN) 233839
245 10 - MENCIÓN DEL TÍTULO
Título Osadía /
Mención de responsabilidad, etc. Eduardo Cordo
264 #1 - PRODUCCIÓN, PUBLICACIÓN, DISTRIBUCIÓN, FABRICACIÓN Y COPYRIGHT
Producción, publicación, distribución, fabricación y copyright [Lugar de publicación no identificado] :
Nombre del de productor, editor, distribuidor, fabricante [E. Cordo],
Fecha de producción, publicación, distribución, fabricación o copyright 2020
264 #3 - PRODUCCIÓN, PUBLICACIÓN, DISTRIBUCIÓN, FABRICACIÓN Y COPYRIGHT
Producción, publicación, distribución, fabricación y copyright Wrocław :
Nombre del de productor, editor, distribuidor, fabricante Amazon Fulfillment Poland Sp. z o.o.,
Fecha de producción, publicación, distribución, fabricación o copyright [2020]
264 #4 - PRODUCCIÓN, PUBLICACIÓN, DISTRIBUCIÓN, FABRICACIÓN Y COPYRIGHT
Fecha de producción, publicación, distribución, fabricación o copyright ©2020
300 ## - DESCRIPCIÓN FÍSICA
Extensión 324 páginas ;
Dimensiones 23 cm
336 ## - TIPO DE CONTENIDO
Término de tipo de contenido Texto
Fuente rdacontent
337 ## - TIPO DE MEDIO
Nombre/término del tipo de medio sin mediación
Fuente rdamedia
338 ## - TIPO DE SOPORTE
Nombre/término del tipo de soporte volumen
Fuente rdacarrier
500 ## - NOTA GENERAL
Nota general Catalogación provisional. Signatura: N 8550. Depósito J.
655 #7 - TERMINO DE INDIZACIÓN--GENERO/FORMA
Datos o término principal de género/forma Novelas policiacas
Fuente del término tgfbne
9 (RLIN) 233840
852 ## - LOCALIZACIÓN
Ubicación ES-MaACL
Sublocalización o colección R 152974
Ubicación en estantería Depósito J
Número de control de estantería N 8550
Anotaciones manuscritas Firmado y dedicado por el autor
Donativo/Legado Donación: Eduardo Cordo
Nota libre En proceso
itemnumber 200335
903 ## - NOMBRE PERSONAL DE DONANTE
a Cordo, Eduardo
e Donante
942 ## - ELEMENTOS DE ENTRADA SECUNDARIOS (KOHA)
Suprimir en OPAC No
Tipo de ítem Koha Libro impreso
Holdings
Estatus retirado Estado de pérdida Fuente del sistema de clasificación o colocación Estado de daño No para préstamo Colección Biblioteca de origen Biblioteca actual Ubicación en estantería Fecha de adquisición Fuente de adquisición Total de préstamos Signatura topográfica completa Código de barras Visto por última vez Precio de reemplazo Tipo de ítem Koha Nota pública
    Clasificación decimal universal     Libros con dedicatorias Biblioteca del Ateneo de Madrid Biblioteca del Ateneo de Madrid Depósito J 23/11/2020 Donación   N-8550 101205628 23/07/2023 23/07/2023 Libro impreso Dedicatoria autógrafa del autor